Turkey : Selected Issues.

This Selected Issues paper on Turkey discusses the new monetary framework adopted by the Central Bank of Republic of Turkey (CBRT). Instead of relying on one interest rate as inflation-targeting, the CBRT resorted to raising it as inflation pressures intensify and lowering it as they abate. The firs...

पूर्ण विवरण

ग्रंथसूची विवरण
निगमित लेखक: International Monetary Fund. European Dept
स्वरूप: पत्रिका
भाषा:English
प्रकाशित: Washington, D.C. : International Monetary Fund, 2012.
श्रृंखला:IMF Staff Country Reports; Country Report ; No. 2012/339
ऑनलाइन पहुंच:Full text available on IMF
LEADER 01528cas a2200241 a 4500
001 AALejournalIMF013255
008 230101c9999 xx r poo 0 0eng d
020 |c 5.00 USD 
020 |z 9781475586572 
022 |a 1934-7685 
040 |a BD-DhAAL  |c BD-DhAAL 
110 2 |a International Monetary Fund.  |b European Dept. 
245 1 0 |a Turkey :   |b Selected Issues. 
264 1 |a Washington, D.C. :  |b International Monetary Fund,  |c 2012. 
300 |a 1 online resource (49 pages) 
490 1 |a IMF Staff Country Reports 
500 |a <strong>Off-Campus Access:</strong> No User ID or Password Required 
500 |a <strong>On-Campus Access:</strong> No User ID or Password Required 
506 |a Electronic access restricted to authorized BRAC University faculty, staff and students 
520 3 |a This Selected Issues paper on Turkey discusses the new monetary framework adopted by the Central Bank of Republic of Turkey (CBRT). Instead of relying on one interest rate as inflation-targeting, the CBRT resorted to raising it as inflation pressures intensify and lowering it as they abate. The first version of the framework does not seem to have achieved significant reduction in external and internal imbalances, but the second version of the framework has witnessed an unwinding of imbalances. 
538 |a Mode of access: Internet 
830 0 |a IMF Staff Country Reports; Country Report ;  |v No. 2012/339 
856 4 0 |z Full text available on IMF  |u http://elibrary.imf.org/view/journals/002/2012/339/002.2012.issue-339-en.xml  |z IMF e-Library